European Capitals By First Two Letters - Statistics

General Stats
  • This quiz has been taken 145 times
  • The average score is 37 of 45
Answer Stats
Hint Answer % Correct
Serbia Belgrade
99%
Germany Berlin
99%
Switzerland Bern
99%
Netherlands Amsterdam
97%
Andorra Andorra la Vella
97%
Greece Athens
95%
Portugal Lisbon
95%
United Kingdom London
95%
Monaco Monaco
95%
Russia Moscow
95%
Romania Bucharest
94%
Hungary Budapest
94%
France Paris
94%
Slovakia Bratislava
93%
Belgium Brussels
93%
Ireland Dublin
93%
Ukraine Kyiv
92%
Norway Oslo
92%
Finland Helsinki
91%
Luxembourg Luxembourg
91%
Spain Madrid
91%
Denmark Copenhagen
87%
Belarus Minsk
87%
Czech Republic Prague
84%
Kosovo Pristina
84%
Italy Rome
80%
Moldova Chisinau
79%
Iceland Reykjavik
79%
Sweden Stockholm
78%
San Marino San Marino
77%
Bosnia and Herzegovina Sarajevo
77%
Bulgaria Sofia
74%
Slovenia Ljubljana
72%
Latvia Riga
71%
Liechtenstein Vaduz
70%
Malta Valletta
70%
Vatican City Vatican City
70%
Montenegro Podgorica
69%
Estonia Tallinn
67%
Austria Vienna
66%
Lithuania Vilnius
66%
North Macedonia Skopje
64%
Albania Tirana
64%
Poland Warsaw
57%
Croatia Zagreb
57%
No matching quizzes found
Score Distribution
Percent of People with Each Score
Percentile by Number Answered
Your Score History
You have not taken this quiz